| 000 | 005200000a22001810004500 | ||
|---|---|---|---|
| 003 | LK-CoMWRAF | ||
| 008 | 230817t ||||| |||| 00| 0 eng d | ||
| 040 |
_aLK-CoMWRAF _dLK-CoMWRAF _eLK-CoMWRAF |
||
| 041 | _aeng | ||
| 082 |
_a335 _bBYR |
||
| 100 | _aByrne, Bridget | ||
| 245 |
_aGender, conflict and development _bVol.II: case studies: Cambodia,Rwanda,Kosovo,Algeria,Somalia,Guatemala |
||
| 260 |
_aBrighton _bIDS _c1992 |
||
| 300 | _ap.148 | ||
| 490 | _aBridge No. 35 | ||
| 650 | _aWOMEN & DEVELOPMENT | ||
| 942 | _cBK | ||
| 999 |
_c2147 _d2147 |
||